| 000 | 00816nam a22002777a 4500 | ||
|---|---|---|---|
| 001 | 000049628 | ||
| 003 | CHAP | ||
| 005 | 20220329140215.0 | ||
| 008 | 971013s1962 r 00010 d | ||
| 010 | _a48565 | ||
| 011 | _a49537 | ||
| 035 | _a53686 | ||
| 040 | _cCHAP | ||
| 082 | 0 | 4 |
_a630.711 _bV5 |
| 245 | 0 | 0 | _aXXV Aniversario de la generación 1930-1936 de egresados de la Escuela Nacional de Agricultura. |
| 260 |
_aChapingo, Méx. : _b(s.e.), _c1962. |
||
| 300 |
_a94 p. : _b: ilus. |
||
| 590 |
_aCONVERSION _b10 _c20130109 _lUCH01 _h1326 |
||
| 590 |
_aE5995AHE _b05 _c20150323 _lUCH01 _h1326 |
||
| 650 | 1 | 4 |
_aENA _936670 |
| 901 | _aBK | ||
| 942 | _cLIBRO | ||
| 942 | _n0 | ||
| 949 |
_a630.711 V5 _bBC _cLIBRO _d-118895 _eLIBRO _fc.2 _i53686 _si |
||
| 949 |
_a630.711 V5 _bBC _cUACH _d-118894 _eUACH _h19921 _i53686 _si |
||
| 999 |
_c48565 _d48565 |
||